| 000 | 00431nam a2200181Ia 4500 | ||
|---|---|---|---|
| 001 | 4239 | ||
| 005 | 20260306145741.0 | ||
| 008 | 260306t1996||||xx |||||||||||||| ||spa|| | ||
| 041 | _aESP | ||
| 082 |
_a320.09 _bH59 |
||
| 100 |
_aStrauss, Leo (Comp.) _eAUT |
||
| 245 | 0 | _aHistoria de la filosofía política | |
| 260 | _c1996 | ||
| 300 |
_a904 páginas : _c24 cm. |
||
| 650 | _aGEN | ||
| 654 | _aCDE | ||
| 942 |
_cLIB _dJUS _fJUS _2ddc _n |
||
| 999 |
_c4239 _d4239 |
||